| 000 -LEADER |
| fixed length control field |
00607cam a22001814a 4500 |
| 020 ## - INTERNATIONAL STANDARD BOOK NUMBER |
| ISBN |
007237960X |
| 040 ## - CATALOGING SOURCE |
| Transcribing agency |
DLC |
| 082 00 - DEWEY DECIMAL CLASSIFICATION NUMBER |
| Classification number |
621 MCG 2001 A037 Or. |
| 100 1# - MAIN ENTRY--AUTHOR NAME |
| Personal name |
Norton, Robert L. |
| 245 10 - TITLE STATEMENT |
| Title |
Design of machinery : |
| Remainder of title |
an introduction to the synthesis and analysis of mechanisms and machines / |
| 250 ## - EDITION STATEMENT |
| Edition statement |
2nd ed., new media version |
| 260 ## - PUBLICATION, DISTRIBUTION, ETC. (IMPRINT) |
| Place of publication |
Boston, Mass. : |
| Name of publisher |
McGraw Hill, |
| Year of publication |
2001. |
| 300 ## - PHYSICAL DESCRIPTION |
| Number of Pages |
xxi, 809 p. : |
| Other physical details |
ill. ; |
| Dimensions |
24 cm. |
| Accompanying material |
+1 computer laser optical disc (4 3/4 in.) |
| 650 #0 - SUBJECT ADDED ENTRY--TOPICAL TERM |
| Topical Term |
Machine design. |
| 650 #0 - SUBJECT ADDED ENTRY--TOPICAL TERM |
| Topical Term |
Machinery, Kinematics of. |
| 650 #0 - SUBJECT ADDED ENTRY--TOPICAL TERM |
| Topical Term |
Machinery, Dynamics of. |
| 942 ## - ADDED ENTRY ELEMENTS (KOHA) |
| Koha item type |
សៀវភៅភាសាអង់គ្លេស |
| 952 ## - LOCATION AND ITEM INFORMATION (KOHA) |
| Withdrawn status [LOCAL, KOHA] |
0 |
| 952 ## - LOCATION AND ITEM INFORMATION (KOHA) |
| Withdrawn status [LOCAL, KOHA] |
0 |